00258nam a2200109 a 4500008004100000050001500041100001800056245004500074260000900119300001100128350000900139120416s1982 xx |||||||||||||| || u aHG 221 Mey aMeyer, Paul A10aMonetary economics and financial markets c1982 a: ill. a0.00